<?xml version="1.0" encoding="UTF-8"?>
<collection xmlns="http://www.loc.gov/MARC21/slim">
 <record>
  <leader>05539cam a2200913   4500</leader>
  <controlfield tag="001">327424079</controlfield>
  <controlfield tag="003">DE-627</controlfield>
  <controlfield tag="005">20240919113913.0</controlfield>
  <controlfield tag="007">tu</controlfield>
  <controlfield tag="008">010330s2000    gw |||||      00| ||ger c</controlfield>
  <datafield tag="015" ind1=" " ind2=" ">
   <subfield code="a">00,N41,0715</subfield>
   <subfield code="2">dnb</subfield>
  </datafield>
  <datafield tag="016" ind1="7" ind2=" ">
   <subfield code="a">959779477</subfield>
   <subfield code="2">DE-101</subfield>
  </datafield>
  <datafield tag="020" ind1=" " ind2=" ">
   <subfield code="a">3777486302</subfield>
   <subfield code="9">3-7774-8630-2</subfield>
  </datafield>
  <datafield tag="035" ind1=" " ind2=" ">
   <subfield code="a">(DE-627)327424079</subfield>
  </datafield>
  <datafield tag="035" ind1=" " ind2=" ">
   <subfield code="a">(DE-576)088359921</subfield>
  </datafield>
  <datafield tag="035" ind1=" " ind2=" ">
   <subfield code="a">(DE-599)GBV327424079</subfield>
  </datafield>
  <datafield tag="035" ind1=" " ind2=" ">
   <subfield code="a">(OCoLC)247971651</subfield>
  </datafield>
  <datafield tag="035" ind1=" " ind2=" ">
   <subfield code="a">(OCoLC)47880021</subfield>
  </datafield>
  <datafield tag="035" ind1=" " ind2=" ">
   <subfield code="a">(OCoLC)247971651</subfield>
  </datafield>
  <datafield tag="040" ind1=" " ind2=" ">
   <subfield code="a">DE-627</subfield>
   <subfield code="b">ger</subfield>
   <subfield code="c">DE-627</subfield>
   <subfield code="e">rakwb</subfield>
  </datafield>
  <datafield tag="041" ind1=" " ind2=" ">
   <subfield code="a">ger</subfield>
   <subfield code="a">eng</subfield>
   <subfield code="a">fre</subfield>
  </datafield>
  <datafield tag="044" ind1=" " ind2=" ">
   <subfield code="c">XA-DE</subfield>
  </datafield>
  <datafield tag="050" ind1=" " ind2="0">
   <subfield code="a">N7850</subfield>
  </datafield>
  <datafield tag="084" ind1=" " ind2=" ">
   <subfield code="a">9,10</subfield>
   <subfield code="2">ssgn</subfield>
  </datafield>
  <datafield tag="084" ind1=" " ind2=" ">
   <subfield code="a">9,10</subfield>
   <subfield code="a">1</subfield>
   <subfield code="2">ssgn</subfield>
  </datafield>
  <datafield tag="084" ind1=" " ind2=" ">
   <subfield code="a">BS 1110</subfield>
   <subfield code="q">BVB</subfield>
   <subfield code="2">rvk</subfield>
   <subfield code="0">(DE-625)rvk/16035:</subfield>
  </datafield>
  <datafield tag="084" ind1=" " ind2=" ">
   <subfield code="a">LH 83200</subfield>
   <subfield code="q">BVB</subfield>
   <subfield code="2">rvk</subfield>
   <subfield code="0">(DE-625)rvk/95264:</subfield>
  </datafield>
  <datafield tag="084" ind1=" " ind2=" ">
   <subfield code="a">BS 1100</subfield>
   <subfield code="q">BVB</subfield>
   <subfield code="2">rvk</subfield>
   <subfield code="0">(DE-625)rvk/16031:</subfield>
  </datafield>
  <datafield tag="084" ind1=" " ind2=" ">
   <subfield code="a">LH 11800</subfield>
   <subfield code="q">BVB</subfield>
   <subfield code="2">rvk</subfield>
   <subfield code="0">(DE-625)rvk/92336:</subfield>
  </datafield>
  <datafield tag="084" ind1=" " ind2=" ">
   <subfield code="a">LH 65900</subfield>
   <subfield code="2">rvk</subfield>
   <subfield code="0">(DE-625)rvk/94566:</subfield>
  </datafield>
  <datafield tag="084" ind1=" " ind2=" ">
   <subfield code="a">20.70</subfield>
   <subfield code="2">bkl</subfield>
  </datafield>
  <datafield tag="245" ind1="1" ind2="0">
   <subfield code="a">Kunst und Liturgie im Mittelalter</subfield>
   <subfield code="b">Akten des internationalen Kongresses der Bibliotheca Hertziana und des Nederlands Instituut te Rome, Rom, 28.- 30. September 1997 = [Arte e liturgia nel medioevo]</subfield>
   <subfield code="c">hrsg. von Nicolas Bock ...</subfield>
  </datafield>
  <datafield tag="246" ind1="3" ind2="1">
   <subfield code="a">[Arte e liturgia nel medioevo]</subfield>
  </datafield>
  <datafield tag="264" ind1=" " ind2="1">
   <subfield code="a">München</subfield>
   <subfield code="b">Hirmer</subfield>
   <subfield code="c">2000</subfield>
  </datafield>
  <datafield tag="300" ind1=" " ind2=" ">
   <subfield code="a">247 S</subfield>
   <subfield code="b">zahlr. Ill., graph. Darst</subfield>
  </datafield>
  <datafield tag="336" ind1=" " ind2=" ">
   <subfield code="a">Text</subfield>
   <subfield code="b">txt</subfield>
   <subfield code="2">rdacontent</subfield>
  </datafield>
  <datafield tag="337" ind1=" " ind2=" ">
   <subfield code="a">ohne Hilfsmittel zu benutzen</subfield>
   <subfield code="b">n</subfield>
   <subfield code="2">rdamedia</subfield>
  </datafield>
  <datafield tag="338" ind1=" " ind2=" ">
   <subfield code="a">Band</subfield>
   <subfield code="b">nc</subfield>
   <subfield code="2">rdacarrier</subfield>
  </datafield>
  <datafield tag="490" ind1="1" ind2=" ">
   <subfield code="a">Römisches Jahrbuch der Bibliotheca Hertziana</subfield>
   <subfield code="v">33.1999/2000, Beih.</subfield>
  </datafield>
  <datafield tag="500" ind1=" " ind2=" ">
   <subfield code="a">Literaturangaben</subfield>
  </datafield>
  <datafield tag="546" ind1=" " ind2=" ">
   <subfield code="a">Text teilw. dt., teilw. engl., teilw. franz.</subfield>
  </datafield>
  <datafield tag="583" ind1="1" ind2=" ">
   <subfield code="a">Archivierung/Langzeitarchivierung gewährleistet</subfield>
   <subfield code="f">SSG</subfield>
   <subfield code="x">XA-DE-BW</subfield>
   <subfield code="2">pdager</subfield>
   <subfield code="5">DE-16</subfield>
  </datafield>
  <datafield tag="583" ind1="1" ind2=" ">
   <subfield code="a">Archivierung prüfen</subfield>
   <subfield code="c">20240324</subfield>
   <subfield code="f">DE-4165</subfield>
   <subfield code="z">2</subfield>
   <subfield code="2">pdager</subfield>
  </datafield>
  <datafield tag="650" ind1=" " ind2="4">
   <subfield code="a">Art, Medieval</subfield>
   <subfield code="x">Congresses</subfield>
  </datafield>
  <datafield tag="650" ind1=" " ind2="4">
   <subfield code="a">Christian art and symbolism</subfield>
   <subfield code="x">Medieval, 500-1500</subfield>
   <subfield code="x">Congresses</subfield>
  </datafield>
  <datafield tag="650" ind1=" " ind2="4">
   <subfield code="a">Liturgy and art</subfield>
   <subfield code="x">Congresses</subfield>
  </datafield>
  <datafield tag="650" ind1=" " ind2="4">
   <subfield code="a">Kongress</subfield>
  </datafield>
  <datafield tag="655" ind1=" " ind2="7">
   <subfield code="a">Konferenzschrift</subfield>
   <subfield code="0">(DE-588)1071861417</subfield>
   <subfield code="0">(DE-627)826484824</subfield>
   <subfield code="0">(DE-576)433375485</subfield>
   <subfield code="2">gnd-content</subfield>
  </datafield>
  <datafield tag="655" ind1=" " ind2="7">
   <subfield code="a">Konferenzschrift</subfield>
   <subfield code="y">1997</subfield>
   <subfield code="z">Rom</subfield>
   <subfield code="0">(DE-588)1071861417</subfield>
   <subfield code="0">(DE-627)826484824</subfield>
   <subfield code="0">(DE-576)433375485</subfield>
   <subfield code="2">gnd-content</subfield>
  </datafield>
  <datafield tag="689" ind1="0" ind2="0">
   <subfield code="d">s</subfield>
   <subfield code="0">(DE-588)4010109-5</subfield>
   <subfield code="0">(DE-627)106359770</subfield>
   <subfield code="0">(DE-576)20888596X</subfield>
   <subfield code="a">Christliche Kunst</subfield>
   <subfield code="2">gnd</subfield>
  </datafield>
  <datafield tag="689" ind1="0" ind2="1">
   <subfield code="d">s</subfield>
   <subfield code="0">(DE-588)4036050-7</subfield>
   <subfield code="0">(DE-627)106244558</subfield>
   <subfield code="0">(DE-576)209016175</subfield>
   <subfield code="a">Liturgie</subfield>
   <subfield code="2">gnd</subfield>
  </datafield>
  <datafield tag="689" ind1="0" ind2="2">
   <subfield code="a">z</subfield>
   <subfield code="2">gnd</subfield>
   <subfield code="a">Geschichte 500-1500</subfield>
  </datafield>
  <datafield tag="689" ind1="0" ind2=" ">
   <subfield code="5">DE-101</subfield>
  </datafield>
  <datafield tag="689" ind1="1" ind2="0">
   <subfield code="a">z</subfield>
   <subfield code="2">gnd</subfield>
   <subfield code="a">Geschichte 500-1500</subfield>
  </datafield>
  <datafield tag="689" ind1="1" ind2="1">
   <subfield code="d">s</subfield>
   <subfield code="0">(DE-588)4130470-6</subfield>
   <subfield code="0">(DE-627)104359463</subfield>
   <subfield code="0">(DE-576)209619287</subfield>
   <subfield code="a">Kongress</subfield>
   <subfield code="2">gnd</subfield>
  </datafield>
  <datafield tag="689" ind1="1" ind2=" ">
   <subfield code="5">(DE-627)</subfield>
  </datafield>
  <datafield tag="700" ind1="1" ind2=" ">
   <subfield code="a">Bock, Nicolas</subfield>
   <subfield code="d">1964-</subfield>
   <subfield code="e">Hrsg.</subfield>
   <subfield code="0">(DE-588)1056225874</subfield>
   <subfield code="0">(DE-627)794508553</subfield>
   <subfield code="0">(DE-576)412666758</subfield>
   <subfield code="4">edt</subfield>
  </datafield>
  <datafield tag="710" ind1="2" ind2=" ">
   <subfield code="a">Bibliotheca Hertziana</subfield>
   <subfield code="g">Rom</subfield>
   <subfield code="0">(DE-588)1001520-6</subfield>
   <subfield code="0">(DE-627)102973644</subfield>
   <subfield code="0">(DE-576)191141348</subfield>
   <subfield code="4">oth</subfield>
  </datafield>
  <datafield tag="710" ind1="2" ind2=" ">
   <subfield code="a">Nederlands Instituut te Rome</subfield>
   <subfield code="0">(DE-588)1030216-5</subfield>
   <subfield code="0">(DE-627)103732209</subfield>
   <subfield code="0">(DE-576)191322113</subfield>
   <subfield code="4">oth</subfield>
  </datafield>
  <datafield tag="787" ind1="0" ind2="8">
   <subfield code="i">Rezension</subfield>
   <subfield code="a">Neuheuser, Hanns Peter, 1952 - </subfield>
   <subfield code="t">[Rezension von: Kunst und Liturgie im Mittelalter]</subfield>
   <subfield code="d">2002</subfield>
   <subfield code="w">(DE-627)154772059X</subfield>
   <subfield code="w">(DE-576)477720595</subfield>
  </datafield>
  <datafield tag="787" ind1="0" ind2="8">
   <subfield code="i">Rezensiert in</subfield>
   <subfield code="a">Neijenhuis, Jörg</subfield>
   <subfield code="t">Kunst und Liturgie im Mittelalter. Akten des internationalen Kongresses der Bibliotheca Hertziana und des Nederlands Instituut te Rome, Rom 28.-30. September 1997. Hrsg. von N. Bock, S. de Blaauw, Ch. L. Frommel, u. H. Kessler</subfield>
   <subfield code="d">2002</subfield>
   <subfield code="w">(DE-627)1797913905</subfield>
  </datafield>
  <datafield tag="810" ind1="2" ind2=" ">
   <subfield code="a">Bibliotheca Hertziana</subfield>
   <subfield code="g">Rom</subfield>
   <subfield code="t">Römisches Jahrbuch der Bibliotheca Hertziana</subfield>
   <subfield code="v">33.1999/2000, Beih.</subfield>
   <subfield code="9">1999,0033,09</subfield>
   <subfield code="w">(DE-627)130819158</subfield>
   <subfield code="w">(DE-576)023060751</subfield>
   <subfield code="w">(DE-600)1013768-3</subfield>
   <subfield code="x">0940-7855</subfield>
   <subfield code="7">ns</subfield>
  </datafield>
  <datafield tag="856" ind1="4" ind2="2">
   <subfield code="u">http://digitale-objekte.hbz-nrw.de/webclient/DeliveryManager?pid=2846486&amp;custom_att_2=simple_viewer</subfield>
   <subfield code="x">Verlag</subfield>
   <subfield code="y">Kunst und Liturgie im Mittelalter</subfield>
   <subfield code="3">Inhaltsverzeichnis</subfield>
  </datafield>
  <datafield tag="935" ind1=" " ind2=" ">
   <subfield code="a">mteo</subfield>
  </datafield>
  <datafield tag="935" ind1=" " ind2=" ">
   <subfield code="i">Blocktest</subfield>
  </datafield>
  <datafield tag="936" ind1="r" ind2="v">
   <subfield code="a">BS 1110</subfield>
   <subfield code="b">Internationale</subfield>
   <subfield code="k">Theologie und Religionswissenschaften</subfield>
   <subfield code="k">Liturgiewissenschaft</subfield>
   <subfield code="k">Allgemeines</subfield>
   <subfield code="k">Sammelwerke</subfield>
   <subfield code="k">Kongresse, Tagungen</subfield>
   <subfield code="k">Internationale</subfield>
   <subfield code="0">(DE-627)1270755242</subfield>
   <subfield code="0">(DE-625)rvk/16035:</subfield>
   <subfield code="0">(DE-576)200755242</subfield>
  </datafield>
  <datafield tag="936" ind1="r" ind2="v">
   <subfield code="a">LH 83200</subfield>
   <subfield code="b">Liturgische Handlungen (Messe, Sakramente); Christliches Brauchtum</subfield>
   <subfield code="k">Kunstgeschichte</subfield>
   <subfield code="k">Allgemeines. Allgemeine Kunstgeschichte</subfield>
   <subfield code="k">Kunstgeschichte einzelner Gattungen der Kunst</subfield>
   <subfield code="k">Ikonographie, Ikonologie</subfield>
   <subfield code="k">Christliche Ikonographie</subfield>
   <subfield code="k">Liturgische Handlungen (Messe, Sakramente); Christliches Brauchtum</subfield>
   <subfield code="0">(DE-627)1271121433</subfield>
   <subfield code="0">(DE-625)rvk/95264:</subfield>
   <subfield code="0">(DE-576)201121433</subfield>
  </datafield>
  <datafield tag="936" ind1="r" ind2="v">
   <subfield code="a">BS 1100</subfield>
   <subfield code="b">Vor 2000 erschienene</subfield>
   <subfield code="k">Theologie und Religionswissenschaften</subfield>
   <subfield code="k">Liturgiewissenschaft</subfield>
   <subfield code="k">Allgemeines</subfield>
   <subfield code="k">Hand- und Lehrbücher, Gesamtdarstellungen</subfield>
   <subfield code="k">Vor 2000 erschienene</subfield>
   <subfield code="0">(DE-627)1270654519</subfield>
   <subfield code="0">(DE-625)rvk/16031:</subfield>
   <subfield code="0">(DE-576)200654519</subfield>
  </datafield>
  <datafield tag="936" ind1="r" ind2="v">
   <subfield code="a">LH 11800</subfield>
   <subfield code="b">Kongressberichte</subfield>
   <subfield code="k">Kunstgeschichte</subfield>
   <subfield code="k">Allgemeines. Allgemeine Kunstgeschichte</subfield>
   <subfield code="k">Kongressberichte</subfield>
   <subfield code="0">(DE-627)1271071487</subfield>
   <subfield code="0">(DE-625)rvk/92336:</subfield>
   <subfield code="0">(DE-576)201071487</subfield>
  </datafield>
  <datafield tag="936" ind1="r" ind2="v">
   <subfield code="a">LH 65900</subfield>
   <subfield code="b">Christliche Kirchen und Theorien der christlichen Kunst</subfield>
   <subfield code="k">Kunstgeschichte</subfield>
   <subfield code="k">Allgemeines. Allgemeine Kunstgeschichte</subfield>
   <subfield code="k">Allgemeine Kunstgeschichte: Darstellungen</subfield>
   <subfield code="k">Darstellungen einzelner Epochen</subfield>
   <subfield code="k">Kunstgeschichte der Religionen</subfield>
   <subfield code="k">Christliche Kirchen und Theorien der christlichen Kunst</subfield>
   <subfield code="0">(DE-627)1270765566</subfield>
   <subfield code="0">(DE-625)rvk/94566:</subfield>
   <subfield code="0">(DE-576)200765566</subfield>
  </datafield>
  <datafield tag="936" ind1="b" ind2="k">
   <subfield code="a">20.70</subfield>
   <subfield code="j">Europäische Kunst: Allgemeines</subfield>
   <subfield code="0">(DE-627)106406566</subfield>
  </datafield>
  <datafield tag="951" ind1=" " ind2=" ">
   <subfield code="a">BO</subfield>
  </datafield>
  <datafield tag="990" ind1=" " ind2=" ">
   <subfield code="a">Christliche Kunst</subfield>
  </datafield>
  <datafield tag="990" ind1=" " ind2=" ">
   <subfield code="a">Liturgie</subfield>
  </datafield>
  <datafield tag="990" ind1=" " ind2=" ">
   <subfield code="a">Geschichte 500-1500</subfield>
  </datafield>
  <datafield tag="990" ind1=" " ind2=" ">
   <subfield code="a">Geschichte 500-1500</subfield>
  </datafield>
  <datafield tag="990" ind1=" " ind2=" ">
   <subfield code="a">Kongress</subfield>
  </datafield>
  <datafield tag="991" ind1=" " ind2=" ">
   <subfield code="a">Rezensiertes Werk</subfield>
  </datafield>
  <datafield tag="999" ind1=" " ind2=" ">
   <subfield code="a">KXP-PPN327424079</subfield>
   <subfield code="e">4084884006</subfield>
  </datafield>
 </record>
</collection>
